| 000 | 00435nam a22001817a 4500 | ||
|---|---|---|---|
| 003 | OSt | ||
| 005 | 20140310182156.0 | ||
| 008 | 130831t xxu||||| |||| 00| 0 eng d | ||
| 020 | _a0340626550 | ||
| 050 |
_aPZ 1 _b.P945 1995 |
||
| 082 |
_aKF _bP93h 1995 |
||
| 245 |
_aHauntings _cPrice Susan |
||
| 260 |
_aLondon : _bHodder Children's Books, _cc1995. |
||
| 300 | _a173 p. | ||
| 562 | _e1 | ||
| 942 |
_2lcc _cHS |
||
| 999 |
_c10107 _d10107 |
||